Salta al contenuto

Практикум для проведения лабораторных занятий и самостоятельной работы по дисциплине Физиология и биохимия растений для студентов очной и заочной формы обучения направления подготовки 110400.62 Агрономия

Salvato in:
Dettagli Bibliografici
Natura: Книга
Lingua:Russian
Pubblicazione: Уссурийск Приморская ГСХА 2012
Accesso online:http://e.lanbook.com/books/element.php?pl1_id=70621
https://e.lanbook.com/img/cover/book/70621.jpg
Tags: Aggiungi Tag
Nessun Tag, puoi essere il primo ad aggiungerne! !
LEADER 01179nam0a2200217 i 4500
001 70621
003 RuSpLAN
005 20221220173944.0
008 221220s2012 ru gs 000 0 rus
040 |a RuSpLAN 
041 0 |a rus 
044 |a ru 
080 |a 581.1:631.5:633 
245 0 0 |a Практикум для проведения лабораторных занятий и самостоятельной работы по дисциплине Физиология и биохимия растений для студентов очной и заочной формы обучения направления подготовки 110400.62 Агрономия 
260 |a Уссурийск  |b Приморская ГСХА  |c 2012 
300 |a 113 с. 
504 |a Библиогр.: доступна в карточке книги, на сайте ЭБС Лань 
521 8 |a Книга из коллекции Приморская ГСХА - Ветеринария и сельское хозяйство 
856 4 |u http://e.lanbook.com/books/element.php?pl1_id=70621 
856 4 8 |u https://e.lanbook.com/img/cover/book/70621.jpg 
953 |a https://e.lanbook.com/img/cover/book/70621.jpg 
Cannot write session to /tmp/vufind_sessions/sess_bj8ea7jct5r2dfibievlbml92j